| 000 | 00718nam a2200193Ia 4500 | ||
|---|---|---|---|
| 008 | 0000001988 ck a 0000000000spa00 | ||
| 090 | _aPSP00 C32r | ||
| 100 | 1 |
_aCidoncha, Rafael _d1952 |
|
| 245 | 1 | 0 |
_aRafael Cidoncha _b: obras recientes |
| 300 |
_a[8] p. _c/ 22 cm. |
||
| 500 | _aExposición realizada en Galeria Alfred Wild, Bogotá, Junio, 1988 \ Con el patronazgo del maestro venezolano Jesús Rafael Soto (q.e.p.d.) | ||
| 600 | 0 | 0 |
_aCIDONCHA, RAFAEL, 1952/ _xTRABAJOS PICTORICOS |
| 650 | 1 | 4 | _aARTE CONTEMPORANEO ESPAÑOL |
| 650 | 1 | 4 | _xCATALOGOS |
| 650 | 1 | 4 | _xEXPOSICIONES |
| 650 | 1 | 4 | _aPINTORES ESPAÑOLES |
| 650 | 1 | 4 | _aPINTURA ESPAÑOLA |
| 999 |
_c4942 _d4942 |
||
| 260 |
_aBogotá : Galería Alfred Wild _c1988 |
||